000 00583nam a2200181Ia 4500
005 20250508151005.0
008 008 250505s9999 xx 000 0 eng d
037 _aTextual
040 _aFEDL
_beng
_cFEDL
041 _aeng
_2eng
084 _a371.76, BEC
_qFEDL
100 _aBeck Lester F
_9758130
245 0 _aHuman growth : The story of how life begins and goes on based on the educational film of the same title
260 _aNew York, USA
_bHarcourt, Brace and Company
_c1949
300 _a124p
942 _cTEXL
_h371.76, BEC
999 _c1326900
_d1326900